[Event "Tournoi International de Chamalières"]
[Site "Chamalières"]
[Date "2009.10.24"]
[Round "1.1"]
[White "Gleizerov, Evgeny"]
[Black "Boulier, Rene"]
[Result "1-0"]
[WhiteElo "2553"]
[BlackElo "1823"]
[PlyCount "61"]
[EventDate "2009.??.??"]

1. d4 Nf6 2. c4 c5 3. d5 b5 4. cxb5 a6 5. b6 Qxb6 6. Nc3 d6 7. Nf3 g6 8. Nd2
Bg7 9. e4 Nbd7 10. Be2 O-O 11. O-O a5 12. Nc4 Qa7 13. a4 Ba6 14. Na3 Bxe2 15.
Qxe2 Ne8 16. Bd2 Nc7 17. Rab1 Nb8 18. Nc4 Nd7 19. b3 Nb6 20. Rfe1 Nxc4 21. bxc4
Na6 22. Nb5 Qb6 23. f4 Nb4 24. e5 Rfe8 25. exd6 exd6 26. Qxe8+ Rxe8 27. Rxe8+
Bf8 28. f5 Kg7 29. f6+ Kxf6 30. Rxf8 Nd3 31. Rf1+ 1-0

[Event "Tournoi International de Chamalières"]
[Site "Chamalières"]
[Date "2009.10.24"]
[Round "1.2"]
[White "Champier, Claude"]
[Black "Serafimov, Tervel"]
[Result "0-1"]
[WhiteElo "1820"]
[BlackElo "2410"]
[PlyCount "72"]
[EventDate "2009.??.??"]

1. e4 g6 2. Nf3 Bg7 3. g3 e5 4. d3 Ne7 5. Bg2 Nbc6 6. O-O O-O 7. Nbd2 h6 8. Nc4
b5 9. Ne3 Rb8 10. Re1 d6 11. Bd2 f5 12. exf5 gxf5 13. c3 Be6 14. Qc2 Qd7 15.
Red1 f4 16. Nf1 Bg4 17. h3 Bxh3 18. N1h2 fxg3 19. fxg3 Be6 20. Be3 Rf7 21. Rf1
Nd5 22. Qd2 Nxe3 23. Qxe3 b4 24. Nd2 bxc3 25. bxc3 d5 26. Nb3 Bf8 27. Rxf7 Qxf7
28. Nf3 Qg6 29. Nh4 Qg5 30. Qxg5+ hxg5 31. Nf3 Be7 32. Nxe5 Nxe5 33. Re1 Kf7
34. Rxe5 Bf6 35. Re2 Bxc3 36. Nc5 Bd4+ 0-1

[Event "Tournoi International de Chamalières"]
[Site "Chamalières"]
[Date "2009.10.24"]
[Round "1.3"]
[White "Etchegaray, Patrice"]
[Black "Julien, Clement"]
[Result "1-0"]
[WhiteElo "2380"]
[BlackElo "1817"]
[PlyCount "33"]
[EventDate "2009.??.??"]

1. e4 e5 2. Nf3 Nc6 3. Bb5 a6 4. Ba4 d6 5. Bxc6+ bxc6 6. d4 exd4 7. Nxd4 c5 8.
Nf3 Bb7 9. Nc3 Be7 10. O-O Nf6 11. Qe2 O-O 12. Rd1 h6 13. Nh4 Nxe4 14. Nf5 Nxc3
15. Nxe7+ Kh8 16. bxc3 Re8 17. Re1 1-0

[Event "Tournoi International de Chamalières"]
[Site "Chamalières"]
[Date "2009.10.24"]
[Round "1.4"]
[White "Noe, Jean-Jacques"]
[Black "Robin, Samy"]
[Result "0-1"]
[WhiteElo "1806"]
[BlackElo "2350"]
[PlyCount "22"]
[EventDate "2009.??.??"]

1. Nf3 c5 2. c4 Nc6 3. Nc3 e6 4. e4 Nge7 5. d4 Nxd4 6. Nxd4 cxd4 7. Qxd4 Nc6 8.
Qd1 Bc5 9. a3 O-O 10. b4 Qf6 11. Qd2 Bxf2+ 0-1

[Event "Tournoi International de Chamalières"]
[Site "Chamalières"]
[Date "2009.10.24"]
[Round "1.5"]
[White "Claverie, Christophe"]
[Black "Foucaud, Philippe"]
[Result "1-0"]
[WhiteElo "2343"]
[BlackElo "1800"]
[PlyCount "53"]
[EventDate "2009.??.??"]

1. e4 c5 2. Nf3 Nc6 3. Bb5 a6 4. Bxc6 bxc6 5. d3 d6 6. h3 Nf6 7. O-O Bd7 8. e5
Nd5 9. c4 Nc7 10. Re1 d5 11. Nc3 e6 12. Na4 Rb8 13. Be3 d4 14. Bd2 Be7 15. Ba5
Qc8 16. Qd2 O-O 17. Bb6 Na8 18. Bxc5 Bxc5 19. Nxc5 Rd8 20. Nxd4 Be8 21. Ndb3
Nb6 22. Qf4 Nd7 23. Re3 Nxc5 24. Nxc5 Rxb2 25. Rg3 a5 26. Qh6 g6 27. Ne4 1-0

[Event "Tournoi International de Chamalières"]
[Site "Chamalières"]
[Date "2009.10.24"]
[Round "1.7"]
[White "Ollier, Pablo"]
[Black "Rey, Richard"]
[Result "1-0"]
[WhiteElo "2248"]
[BlackElo "1790"]
[PlyCount "51"]
[EventDate "2009.??.??"]

1. d4 Nf6 2. c4 e5 3. dxe5 Ng4 4. Bf4 Nc6 5. Nf3 Bb4+ 6. Nbd2 Qe7 7. a3 Bxd2+
8. Qxd2 Ngxe5 9. Nxe5 Nxe5 10. e3 d6 11. Be2 Bd7 12. b4 Ng6 13. Bg3 Qf6 14. Rc1
Bc6 15. O-O Rd8 16. Qc3 Qxc3 17. Rxc3 O-O 18. b5 Bd7 19. c5 dxc5 20. Bxc7 Rc8
21. Rxc5 Ne7 22. Rd1 Be6 23. Bf3 h6 24. Bxb7 Rxc7 25. Rxc7 Nc8 26. Bxc8 1-0

[Event "Tournoi International de Chamalières"]
[Site "Chamalières"]
[Date "2009.10.25"]
[Round "1.8"]
[White "Barberis, Valentin"]
[Black "Brethes, Francois"]
[Result "0-1"]
[WhiteElo "1785"]
[BlackElo "2237"]
[PlyCount "96"]
[EventDate "2009.??.??"]

1. e4 e6 2. d4 d5 3. e5 c5 4. c3 Qb6 5. Nf3 Nc6 6. a3 cxd4 7. cxd4 Nh6 8. b4
Nf5 9. Be3 Bd7 10. g4 Nxe3 11. fxe3 f6 12. exf6 gxf6 13. Nc3 Nxb4 14. Rb1 Qa5
15. axb4 Bxb4 16. Rxb4 Qxb4 17. Kd2 Rc8 18. Qc2 b5 19. Bd3 Qa5 20. Qb3 O-O 21.
Rf1 b4 22. Na2 Bb5 23. Bxb5 Qxb5 24. Rb1 a5 25. Qd3 Rc4 26. g5 Rfc8 27. gxf6
Rc2+ 28. Qxc2 Rxc2+ 29. Kxc2 Qa4+ 30. Kb2 Qa3+ 31. Ka1 b3 32. Rb2 bxa2 33. Ne5
h5 34. Rb8+ Kh7 35. Rb7+ Kh6 36. Rg7 Qc1+ 37. Kxa2 Qd2+ 38. Kb1 Qe1+ 39. Kc2
Qf2+ 40. Kd3 Qf5+ 41. Kd2 Qxf6 42. Rg2 Qe7 43. Ke2 a4 44. Kd1 Qf6 45. Kc2 Qf1
46. Rg6+ Kh7 47. Rg5 Qe2+ 48. Kb1 a3 0-1

[Event "Tournoi International de Chamalières"]
[Site "Chamalières"]
[Date "2009.10.24"]
[Round "1.9"]
[White "Serafimov, Dimitar"]
[Black "Conchon, Jean-Paul"]
[Result "1-0"]
[WhiteElo "2210"]
[BlackElo "1750"]
[PlyCount "69"]
[EventDate "2009.??.??"]

1. c4 e5 2. Nc3 Nf6 3. g3 Be7 4. Bg2 Nc6 5. Nf3 O-O 6. d4 exd4 7. Nxd4 Re8 8.
O-O Rb8 9. b3 Nxd4 10. Qxd4 b6 11. Bb2 Bf8 12. Rad1 d6 13. Rfe1 Qe7 14. Bc6 Bd7
15. Nd5 Nxd5 16. Bxd7 Qxd7 17. cxd5 Re5 18. Qd3 Rh5 19. Qf3 Rh6 20. Rc1 Re8 21.
Rc4 Qh3 22. Qg2 Qh5 23. e3 Re7 24. h4 Qf5 25. e4 Qg6 26. Re3 Rh5 27. Qh3 f5 28.
exf5 Rxf5 29. Rxe7 Bxe7 30. Rg4 Rg5 31. hxg5 Qb1+ 32. Qf1 Qxb2 33. Qe1 Bf8 34.
Qe6+ Kh8 35. Rf4 1-0

[Event "Tournoi International de Chamalières"]
[Site "Chamalières"]
[Date "2009.10.24"]
[Round "1.10"]
[White "Alinc, Dimitri"]
[Black "Delort, Frederic"]
[Result "0-1"]
[WhiteElo "1740"]
[BlackElo "2202"]
[PlyCount "78"]
[EventDate "2009.??.??"]

1. e4 Nc6 2. d4 d5 3. e5 Bf5 4. Nf3 e6 5. c3 Qd7 6. Bd3 Nge7 7. Bg5 h6 8. Bxe7
Nxe7 9. Qc2 Bxd3 10. Qxd3 O-O-O 11. Nbd2 f5 12. exf6 gxf6 13. O-O-O Nc6 14.
Rhe1 Rg8 15. g3 Re8 16. Nh4 e5 17. dxe5 Nxe5 18. Qc2 Qb5 19. f4 Nd3+ 20. Qxd3
Qxd3 21. Rxe8+ Kd7 22. Ree1 Bc5 23. Ng2 Kc8 24. Nb3 Qf3 25. Nh4 Qf2 26. Nxc5
Qxc5 27. Nf5 Rd8 28. Nd4 Qa5 29. Kb1 c5 30. Ne6 Rd6 31. f5 d4 32. cxd4 cxd4 33.
Rc1+ Kb8 34. g4 d3 35. Red1 d2 36. Rc2 Qb4 37. h3 Qe4 38. Nc5 Qe2 39. Rh1 d1=Q+
0-1

[Event "Tournoi International de Chamalières"]
[Site "Chamalières"]
[Date "2009.10.25"]
[Round "2.1"]
[White "Vidal, Llewellyn"]
[Black "Gleizerov, Evgeny"]
[Result "1/2-1/2"]
[WhiteElo "2005"]
[BlackElo "2553"]
[PlyCount "206"]
[EventDate "2009.??.??"]

1. f4 d5 2. Nf3 g6 3. e3 Bg7 4. d4 Nh6 5. Bd3 Bf5 6. Be2 Bg4 7. O-O Nf5 8. c3
O-O 9. Ne5 Bxe2 10. Qxe2 Nd6 11. Nd2 f6 12. Nd3 f5 13. b3 Nd7 14. Bb2 Nf6 15.
Ne5 Nfe4 16. Nxe4 Nxe4 17. c4 c6 18. Rfd1 e6 19. Nf3 h6 20. Rac1 g5 21. g3 Kh7
22. Nd2 Nf6 23. Kh1 Rg8 24. Bc3 Bf8 25. Rg1 Rc8 26. Nf3 Qe8 27. Ne5 Bd6 28. Nd3
Bb8 29. Nf2 Rc7 30. Bd2 Rcg7 31. c5 Kh8 32. Rcf1 g4 33. Kg2 h5 34. Rh1 h4 35.
Rfg1 Rh7 36. Kf1 Rg6 37. Qd1 Rgh6 38. Ke2 b6 39. b4 Qc8 40. Qa4 b5 41. Qb3 hxg3
42. hxg3 Rxh1 43. Rxh1 Rxh1 44. Nxh1 Ne4 45. Qa3 Kg7 46. Qc1 Bc7 47. a3 a5 48.
Qg1 axb4 49. Bxb4 Qa8 50. Nf2 Ba5 51. Nxe4 Bxb4 52. axb4 dxe4 53. Qe1 Qa2+ 54.
Kf1 Qb2 55. Kg1 Kf7 56. Kh1 Qc2 57. Kg1 Qd3 58. Kh1 Qa3 59. Kg1 Qa8 60. Kg2 Kg6
61. Kf2 Qh8 62. Qg1 Kf7 63. Kg2 Kg6 64. Qh1 Qa8 65. Qe1 Qa7 66. Kf2 Qh7 67. Qg1
Qg8 68. Kg2 Qf7 69. Qe1 Qa7 70. Kf2 Kf6 71. Kg2 Qa8 72. Kf2 Qa2+ 73. Kg1 Qc2
74. Kh1 Qa4 75. Kg1 Qa8 76. Kg2 Kg6 77. Kf2 Qh8 78. Qg1 Qh7 79. Kg2 Qh3+ 80.
Kf2 Kh5 81. Qg2 Kg6 82. Qg1 Qh7 83. Kg2 Qh8 84. Kf2 Kf7 85. Kg2 Ke7 86. Qh1 Qg8
87. Qh4+ Kd7 88. Qh6 Kc7 89. Qh4 Qf7 90. Kg1 Kd7 91. Qh2 Ke7 92. Qh4+ Kd7 93.
Qh2 Qg8 94. Qf2 Qa8 95. Qe1 Qh8 96. Qf2 Qa8 97. Qe1 Kc7 98. Kg2 Qa3 99. Kg1 Kd8
100. Kh1 Ke7 101. Kg1 Qd3 102. Kh1 Kf6 103. Kg1 Qc4 1/2-1/2

[Event "Tournoi International de Chamalières"]
[Site "Chamalières"]
[Date "2009.10.25"]
[Round "2.2"]
[White "Serafimov, Tervel"]
[Black "Cwiek, Loic"]
[Result "1-0"]
[WhiteElo "2410"]
[BlackElo "1990"]
[PlyCount "33"]
[EventDate "2009.??.??"]

1. c4 e6 2. Nf3 d5 3. g3 dxc4 4. Bg2 Nd7 5. O-O Ngf6 6. Na3 a6 7. Nxc4 b5 8.
Nd4 Nd5 9. Nc6 Qf6 10. N4a5 Ne5 11. e4 Nb6 12. Nxe5 Qxe5 13. d4 Qf6 14. e5 Qf5
15. Qe2 Nd5 16. g4 Nf4 17. Qf3 1-0

[Event "Tournoi International de Chamalières"]
[Site "Chamalières"]
[Date "2009.10.25"]
[Round "2.3"]
[White "Bertin, Jean-Loup"]
[Black "Etchegaray, Patrice"]
[Result "0-1"]
[WhiteElo "1995"]
[BlackElo "2380"]
[PlyCount "72"]
[EventDate "2009.??.??"]

1. d4 Nf6 2. c4 g6 3. Nc3 Bg7 4. e4 d6 5. f3 O-O 6. Bg5 a6 7. Qd2 Nbd7 8. Nh3
c5 9. d5 b5 10. cxb5 Qa5 11. bxa6 Bxa6 12. Bxa6 Qxa6 13. Bh6 Rfb8 14. Bxg7 Kxg7
15. Nd1 Ne5 16. Nhf2 e6 17. Ne3 exd5 18. exd5 Nc4 19. Nxc4 Qxc4 20. Ng4 Re8+
21. Kf2 Nxg4+ 22. fxg4 Rxa2 23. Rhc1 Qb3 24. Rxa2 Qxa2 25. h4 Re5 26. Rd1 Qc4
27. Kg3 Re4 28. Qc3+ Qxc3+ 29. bxc3 Re3+ 30. Kf4 Rxc3 31. g5 Rc4+ 32. Kg3 Re4
33. Rd2 h6 34. gxh6+ Kxh6 35. Kh3 f5 36. Kg3 Rd4 0-1

[Event "Tournoi International de Chamalières"]
[Site "Chamalières"]
[Date "2009.10.25"]
[Round "2.4"]
[White "Robin, Samy"]
[Black "Alary, Pierre"]
[Result "1-0"]
[WhiteElo "2350"]
[BlackElo "1966"]
[PlyCount "55"]
[EventDate "2009.??.??"]

1. e4 e6 2. d4 d5 3. Nd2 Nf6 4. e5 Nfd7 5. Bd3 c5 6. c3 Nc6 7. Ne2 Qb6 8. Nf3
cxd4 9. cxd4 f6 10. exf6 Nxf6 11. O-O Bd6 12. b3 Bd7 13. Bb2 O-O 14. Nc3 a6 15.
Na4 Qc7 16. Rc1 Be8 17. Ne5 Bxe5 18. dxe5 Bh5 19. Qc2 Ng4 20. Bxh7+ Kh8 21. Bg6
Bxg6 22. Qxg6 Ngxe5 23. Qxe6 Rae8 24. Qxd5 Rf5 25. f4 Rd8 26. Bxe5 Nxe5 27.
Rxc7 Rxd5 28. fxe5 1-0

[Event "Tournoi International de Chamalières"]
[Site "Chamalières"]
[Date "2009.10.25"]
[Round "2.5"]
[White "Thomas, Fabien"]
[Black "Claverie, Christophe"]
[Result "0-1"]
[WhiteElo "1978"]
[BlackElo "2343"]
[PlyCount "92"]
[EventDate "2009.??.??"]

1. e4 c5 2. Nf3 e6 3. d4 cxd4 4. Nxd4 a6 5. Bd3 Qc7 6. Qe2 d6 7. O-O Nd7 8. f4
Ngf6 9. Be3 Be7 10. Nd2 Nc5 11. b4 Nxd3 12. cxd3 O-O 13. Rac1 Qd8 14. h3 e5 15.
N4f3 Nh5 16. Qf2 Nxf4 17. Bxf4 exf4 18. Nd4 Be6 19. Nc4 Bh4 20. Qb2 Bf6 21.
Rxf4 Bxc4 22. Rxc4 Be5 23. Rf1 b5 24. Rc6 Qd7 25. Rfc1 Rac8 26. Rxc8 Rxc8 27.
Rxc8+ Qxc8 28. Kh1 Qd8 29. Nc6 Qf6 30. Nxe5 dxe5 31. Kg1 g6 32. Qf2 Qd6 33. Qc5
Qxc5+ 34. bxc5 Kf8 35. Kf2 Ke7 36. Ke3 Kd7 37. d4 Kc6 38. Kd3 f5 39. exf5 gxf5
40. dxe5 Kxc5 41. e6 Kd6 42. Kd4 Kxe6 43. Kc5 Ke5 44. Kb6 Kf4 45. Kxa6 Kg3 46.
Kxb5 f4 0-1

[Event "Tournoi International de Chamalières"]
[Site "Chamalières"]
[Date "2009.10.25"]
[Round "2.6"]
[White "Rouler, Charly"]
[Black "Naudion, Gregoire"]
[Result "1-0"]
[WhiteElo "2302"]
[BlackElo "1957"]
[PlyCount "57"]
[EventDate "2009.??.??"]

1. d4 Nf6 2. c4 c5 3. Nf3 cxd4 4. Nxd4 e5 5. Nb5 d5 6. cxd5 Bc5 7. N5c3 O-O 8.
g3 Qb6 9. e3 Bg4 10. Be2 Bh3 11. g4 Nfd7 12. Rg1 f5 13. Rg3 Qh6 14. g5 Qh4 15.
Nd2 e4 16. Nc4 Nb6 17. Nxb6 axb6 18. d6 Nc6 19. Nb5 Kh8 20. Bd2 Bg4 21. Bxg4
Qxh2 22. Qe2 fxg4 23. O-O-O Ne5 24. Be1 Rxa2 25. Kb1 Raa8 26. Nc7 Rab8 27. Ne6
Rfd8 28. Nxd8 Rxd8 29. Bc3 1-0

[Event "Tournoi International de Chamalières"]
[Site "Chamalières"]
[Date "2009.10.25"]
[Round "2.7"]
[White "Graillon, David"]
[Black "Ollier, Pablo"]
[Result "0-1"]
[WhiteElo "1949"]
[BlackElo "2248"]
[PlyCount "50"]
[EventDate "2009.??.??"]

1. e4 e6 2. c4 d5 3. d4 dxe4 4. Nc3 Bb4 5. Be3 Nf6 6. f3 c5 7. a3 Bxc3+ 8. bxc3
Nc6 9. Be2 O-O 10. Nh3 Qa5 11. Bd2 e3 12. Bxe3 cxd4 13. Bg5 dxc3 14. Bxf6 gxf6
15. O-O e5 16. Qe1 Bf5 17. Qg3+ Bg6 18. f4 Nd4 19. Bh5 exf4 20. Nxf4 Qxh5 21.
Nxh5 Ne2+ 22. Kh1 Nxg3+ 23. Nxg3 Rac8 24. Rf4 c2 25. Rc1 Rfd8 0-1

[Event "Tournoi International de Chamalières"]
[Site "Chamalières"]
[Date "2009.10.25"]
[Round "2.8"]
[White "Brethes, Francois"]
[Black "Nord, Antoine"]
[Result "1-0"]
[WhiteElo "2237"]
[BlackElo "1939"]
[PlyCount "57"]
[EventDate "2009.??.??"]

1. d4 d5 2. c4 c6 3. Nc3 Nf6 4. Nf3 a6 5. a4 e6 6. e3 a5 7. Bd3 Bd6 8. O-O O-O
9. e4 dxe4 10. Nxe4 Be7 11. Qe2 Nbd7 12. Rd1 Qc7 13. Bg5 b6 14. Rac1 Bb7 15. d5
exd5 16. cxd5 Nxd5 17. Nc3 Nxc3 18. Rxc3 Bf6 19. Bf5 Bc8 20. Bxd7 Bxc3 21. Bxc8
Raxc8 22. bxc3 Rfe8 23. Qc4 Qb7 24. Qg4 Kh8 25. Qf5 Rc7 26. Qe5 Rg8 27. Bf6
Rcc8 28. Nh4 Qb8 29. Qg5 1-0

[Event "Tournoi International de Chamalières"]
[Site "Chamalières"]
[Date "2009.10.25"]
[Round "2.9"]
[White "Joli, Laurent"]
[Black "Serafimov, Dimitar"]
[Result "0-1"]
[WhiteElo "1907"]
[BlackElo "2210"]
[PlyCount "52"]
[EventDate "2009.??.??"]

1. d4 d5 2. c4 e6 3. Nc3 Be7 4. Bf4 Nf6 5. Nf3 O-O 6. e3 b6 7. Nd2 Bb7 8. Nb5
Na6 9. a3 c6 10. Nc3 c5 11. Nf3 cxd4 12. Nxd4 Nc5 13. cxd5 Nxd5 14. Nxd5 Qxd5
15. Nf3 Qf5 16. Be2 Rfd8 17. Qb1 Be4 18. Qa2 Nd3+ 19. Bxd3 Bxd3 20. b4 Rac8 21.
Qb3 Rc2 22. Nd4 Rxd4 23. exd4 Re2+ 24. Kd1 Bc2+ 25. Kxe2 Bxb3 26. Rhc1 Qxf4 0-1

[Event "Tournoi International de Chamalières"]
[Site "Chamalières"]
[Date "2009.10.25"]
[Round "2.10"]
[White "Delort, Frederic"]
[Black "Lageyre, Pascal"]
[Result "1-0"]
[WhiteElo "2202"]
[BlackElo "1933"]
[PlyCount "71"]
[EventDate "2009.??.??"]

1. d4 d5 2. Nf3 e6 3. c4 c6 4. e3 Nf6 5. Nc3 Nbd7 6. Bd3 dxc4 7. Bxc4 b5 8. Bd3
Bb7 9. e4 b4 10. Na4 c5 11. e5 Nd5 12. O-O h6 13. Re1 Rc8 14. Qe2 Qc7 15. Nxc5
Nxc5 16. dxc5 Bxc5 17. Bd2 Qb6 18. Rad1 Ke7 19. Rf1 Rhd8 20. Qe4 Nf4 21. Qxf4
Rxd3 22. Bxb4 Rxd1 23. Bxc5+ Qxc5 24. Rxd1 Qc2 25. Qd4 a5 26. h3 Bd5 27. a3 a4
28. Qb4+ Ke8 29. Rd2 Qc1+ 30. Kh2 Rc4 31. Qb6 f6 32. exf6 gxf6 33. Qe3 Kd7 34.
Qxh6 Kc6 35. Qxf6 Kb6 36. Rxd5 1-0

[Event "Tournoi International de Chamalières"]
[Site "Chamalières"]
[Date "2009.10.26"]
[Round "3.1"]
[White "Flear, Christine"]
[Black "Serafimov, Tervel"]
[Result "0-1"]
[WhiteElo "2148"]
[BlackElo "2410"]
[PlyCount "70"]
[EventDate "2009.??.??"]

1. d4 d5 2. c4 e6 3. Nc3 Nf6 4. cxd5 exd5 5. Bg5 Nbd7 6. e3 Be7 7. Nf3 O-O 8.
Qc2 b6 9. Bd3 Bb7 10. O-O a6 11. a3 c5 12. dxc5 bxc5 13. Rad1 g6 14. Rfe1 Rc8
15. Bxf6 Nxf6 16. e4 d4 17. Bc4 Qb6 18. Na2 Ne8 19. e5 Bxf3 20. gxf3 Ng7 21. f4
Kh8 22. Rd3 f6 23. Rh3 Nh5 24. Qe4 fxe5 25. Rxh5 gxh5 26. Qxe5+ Bf6 27. Qxh5
Qxb2 28. Bd3 Qb7 29. Be4 Qf7 30. Qe2 c4 31. Nb4 d3 32. Qd2 Rfd8 33. Nc6 c3 34.
Qd1 c2 35. Qd2 Qg7+ 0-1

[Event "Tournoi International de Chamalières"]
[Site "Chamalières"]
[Date "2009.10.26"]
[Round "3.2"]
[White "Etchegaray, Patrice"]
[Black "Delort, Frederic"]
[Result "0-1"]
[WhiteElo "2380"]
[BlackElo "2202"]
[PlyCount "88"]
[EventDate "2009.??.??"]

1. e4 e5 2. Nf3 Nc6 3. Bb5 a6 4. Ba4 d6 5. Bxc6+ bxc6 6. d4 exd4 7. Nxd4 c5 8.
Nf3 Bb7 9. Nc3 Nf6 10. Qd3 Be7 11. O-O O-O 12. Re1 Re8 13. Bf4 Nd7 14. Nd5 Bxd5
15. exd5 Bf6 16. Rxe8+ Qxe8 17. Re1 Qd8 18. c3 a5 19. Re2 a4 20. Bg3 Nb6 21.
Nd2 g6 22. Ne4 Bg7 23. c4 h6 24. Bf4 Nd7 25. Qh3 Nf6 26. Bxh6 Nxe4 27. Bxg7
Kxg7 28. Rxe4 Qf6 29. Qa3 Rb8 30. Re2 Qd4 31. Qe3 Qxc4 32. Qd2 Qxa2 33. h4 Qb1+
34. Kh2 Qf5 35. g3 Qf6 36. Kg2 Rb4 37. Qc2 Rb3 38. Qd2 Qf3+ 39. Kh2 Rd3 40. Qc2
Rxd5 41. Re3 Qd1 42. Qc3+ Qd4 43. Qa5 Rf5 44. Kg2 Qxb2 0-1

[Event "Tournoi International de Chamalières"]
[Site "Chamalières"]
[Date "2009.10.26"]
[Round "3.3"]
[White "Ollier, Milan"]
[Black "Robin, Samy"]
[Result "0-1"]
[WhiteElo "2089"]
[BlackElo "2350"]
[PlyCount "62"]
[EventDate "2009.??.??"]

1. e4 e5 2. Bc4 Nf6 3. Nc3 Bc5 4. d3 d6 5. f4 Ng4 6. f5 h5 7. Qf3 Nf2 8. Nh3
Nxh1 9. Bxf7+ Kxf7 10. Bg5 Qe8 11. Nd5 Na6 12. O-O-O Nf2 13. Nxf2 Bxf2 14. Qxf2
Qa4 15. Bh4 Nb4 16. Nxc7 Bd7 17. c3 Qxa2 18. Qg3 Qa1+ 19. Kd2 Qxb2+ 20. Ke3 Rh6
21. Qg5 Nc2+ 22. Kf3 Qxc3 23. Qe7+ Kg8 24. f6 Nd4+ 25. Ke3 Nc2+ 26. Kf3 Bg4+
27. Kg3 Rg6 28. f7+ Kh7 29. Nxa8 Bxd1+ 30. Kh3 Bg4+ 31. Kg3 Qe1# 0-1

[Event "Tournoi International de Chamalières"]
[Site "Chamalières"]
[Date "2009.10.26"]
[Round "3.4"]
[White "Claverie, Christophe"]
[Black "Sanchez, Nicolas"]
[Result "1-0"]
[WhiteElo "2343"]
[BlackElo "2159"]
[PlyCount "115"]
[EventDate "2009.??.??"]

1. d4 Nf6 2. Bg5 c5 3. dxc5 Qa5+ 4. Qd2 Qxc5 5. Nc3 d6 6. e4 Nbd7 7. Nf3 a6 8.
Nd4 e6 9. f3 Be7 10. O-O-O b5 11. Be3 b4 12. Nb1 Qc7 13. Qxb4 d5 14. Qc3 Qxc3
15. Nxc3 dxe4 16. Nxe4 Nxe4 17. fxe4 Bb7 18. Bd3 Nf6 19. Rhe1 Nxe4 20. Nb3 Nf6
21. g3 Ng4 22. Bg1 O-O 23. Be4 Bg5+ 24. Kb1 Bxe4 25. Rxe4 Rfd8 26. Rxd8+ Rxd8
27. Nd4 Nf6 28. Re5 Bh6 29. h3 g6 30. c3 Nh5 31. Bf2 Bg7 32. Ra5 e5 33. Nb3 Rd6
34. Kc2 f5 35. Nc5 Bh6 36. Be1 Be3 37. Nxa6 e4 38. c4 f4 39. gxf4 Nxf4 40. c5
Rd8 41. b4 Ng2 42. Bc3 Bf4 43. c6 e3 44. c7 Rc8 45. Kd3 Bxc7 46. Nxc7 Rxc7 47.
Re5 Nf4+ 48. Kxe3 Rxc3+ 49. Kxf4 Rxh3 50. b5 Rh4+ 51. Kg5 Ra4 52. b6 Rb4 53.
Re6 Kf7 54. Rc6 Rb5+ 55. Kf4 h5 56. a4 g5+ 57. Ke4 Ra5 58. Rc4 1-0

[Event "Tournoi International de Chamalières"]
[Site "Chamalières"]
[Date "2009.10.26"]
[Round "3.5"]
[White "Mania, Clement"]
[Black "Rouler, Charly"]
[Result "1-0"]
[WhiteElo "2066"]
[BlackElo "2302"]
[PlyCount "55"]
[EventDate "2009.??.??"]

1. e4 c5 2. f4 a6 3. Nf3 e6 4. c3 d5 5. e5 Nc6 6. Na3 Nh6 7. Nc2 Nf5 8. d4 cxd4
9. cxd4 Qb6 10. g4 Nh6 11. h3 f6 12. exf6 gxf6 13. Bd3 Bd7 14. g5 fxg5 15. fxg5
Nf5 16. Bxf5 exf5 17. Qe2+ Be7 18. Bf4 O-O-O 19. O-O-O Rde8 20. Ne3 Nb4 21. Kb1
Bd6 22. Rc1+ Kb8 23. Ne5 Bb5 24. Qd2 Ka8 25. Ka1 Nd3 26. Nxd3 Qxd4 27. Bxd6
Rxe3 28. Bc5 1-0

[Event "Tournoi International de Chamalières"]
[Site "Chamalières"]
[Date "2009.10.26"]
[Round "3.6"]
[White "Ollier, Pablo"]
[Black "Blanc, Sebastien"]
[Result "1-0"]
[WhiteElo "2248"]
[BlackElo "2131"]
[PlyCount "71"]
[EventDate "2009.??.??"]

1. d4 d5 2. c4 e6 3. Nc3 Nf6 4. Nf3 Bb4 5. Bg5 c5 6. cxd5 exd5 7. e3 O-O 8. Be2
h6 9. Bh4 cxd4 10. Nxd4 Nc6 11. O-O Bxc3 12. bxc3 g5 13. Bg3 Ne4 14. Bd3 Nxg3
15. hxg3 Nxd4 16. cxd4 f5 17. Qb3 Rf7 18. Rac1 Be6 19. Be2 Rc8 20. Qa3 b6 21.
Rxc8 Qxc8 22. Qd6 Rc7 23. Bf3 Rc6 24. Qe7 Rc7 25. Qf6 Kh7 26. Rb1 Rf7 27. Qe5
Rc7 28. Bxd5 Bxd5 29. Qxd5 Rc2 30. Qf7+ Kh8 31. Qxa7 Rc1+ 32. Rxc1 Qxc1+ 33.
Kh2 Qd1 34. Qb8+ Kg7 35. Qb7+ Kf8 36. Qc8+ 1-0

[Event "Tournoi International de Chamalières"]
[Site "Chamalières"]
[Date "2009.10.26"]
[Round "3.8"]
[White "Serafimov, Dimitar"]
[Black "Marie, Adrien"]
[Result "1-0"]
[WhiteElo "2210"]
[BlackElo "2074"]
[PlyCount "103"]
[EventDate "2009.??.??"]

1. c4 c5 2. Nc3 Nc6 3. Nf3 Nf6 4. g3 g6 5. Bg2 Bg7 6. O-O O-O 7. d4 cxd4 8.
Nxd4 Qb6 9. Nc2 d6 10. b3 Be6 11. h3 Rac8 12. e4 Nd7 13. Na4 Qa6 14. Bb2 Bxc4
15. Bxg7 Kxg7 16. Re1 Be6 17. Ne3 Nc5 18. Nb2 b5 19. f4 f6 20. Nd5 Qb7 21. Qd2
Bf7 22. b4 Na6 23. a3 e6 24. Ne3 e5 25. Qf2 Nd4 26. Rf1 Bb3 27. Rac1 Nb8 28.
Rxc8 Qxc8 29. Qd2 Qd7 30. Ng4 h5 31. fxe5 hxg4 32. exf6+ Kf7 33. Qxd4 gxh3 34.
Bf3 h2+ 35. Kxh2 Rh8+ 36. Kg1 Qh3 37. Qxa7+ Nd7 38. Bg2 Qg4 39. e5 dxe5 40. Nd3
Qd4+ 41. Qxd4 exd4 42. Rf4 Nxf6 43. Rxd4 Rc8 44. Nc5 Bc4 45. a4 Nh5 46. g4 Ng3
47. Kf2 Ne2 48. Rxc4 bxc4 49. Bd5+ Kf6 50. Kxe2 Ke5 51. Bxc4 Kd4 52. Bb5 1-0

[Event "Tournoi International de Chamalières"]
[Site "Chamalières"]
[Date "2009.10.26"]
[Round "3.9"]
[White "Gleizerov, Evgeny"]
[Black "Hadji, Mohamed"]
[Result "1-0"]
[WhiteElo "2553"]
[BlackElo "1958"]
[PlyCount "89"]
[EventDate "2009.??.??"]

1. d4 c5 2. d5 Nf6 3. c4 g6 4. Nc3 Bg7 5. Nf3 O-O 6. g3 d6 7. Bg2 Na6 8. O-O
Nc7 9. a4 a6 10. h3 Bd7 11. a5 Rb8 12. e4 b5 13. axb6 Rxb6 14. e5 Nfe8 15. Re1
Qc8 16. Kh2 dxe5 17. Nxe5 Nd6 18. Nxd7 Qxd7 19. Na4 Rb4 20. Bd2 Rxb2 21. Nxb2
Bxb2 22. Qa4 Qf5 23. Ra2 Bd4 24. Be3 e5 25. dxe6 Qxe6 26. Qc6 Nde8 27. Qxe6
fxe6 28. Bxd4 cxd4 29. Re4 Rf5 30. Rxd4 Rc5 31. Bf1 Nf6 32. Rb2 Kf8 33. Rb6 Ke7
34. Kg2 Nd7 35. Rb7 Ke8 36. Be2 Ke7 37. f4 Ke8 38. Bd1 Ke7 39. Ba4 Nf6 40. g4
Nfe8 41. Rd7+ Kf6 42. g5+ Kf5 43. Kf3 e5 44. Rf7+ Ke6 45. Bxe8 1-0

[Event "Tournoi International de Chamalières"]
[Site "Chamalières"]
[Date "2009.10.26"]
[Round "3.10"]
[White "Piat, Jerome"]
[Black "Vidal, Llewellyn"]
[Result "1-0"]
[WhiteElo "2167"]
[BlackElo "2005"]
[PlyCount "53"]
[EventDate "2009.??.??"]

1. g3 f5 2. Bg2 Nf6 3. c4 e6 4. Nf3 d5 5. O-O Bd6 6. d3 O-O 7. Nc3 dxc4 8. dxc4
Nc6 9. Qc2 e5 10. Rd1 Qe7 11. Bg5 Qf7 12. Bxf6 Nb4 13. Qb3 gxf6 14. Rxd6 cxd6
15. Qxb4 Be6 16. Nh4 f4 17. Bd5 fxg3 18. hxg3 Bxd5 19. Nxd5 Qd7 20. Nf5 a5 21.
Qd2 b5 22. cxb5 Kh8 23. e4 Qxb5 24. Nc7 Qc6 25. Nxa8 Qxe4 26. Qxd6 Kg8 27. Qe6+
1-0

[Event "Tournoi International de Chamalières"]
[Site "Chamalières"]
[Date "2009.10.26"]
[Round "4.1"]
[White "Serafimov, Tervel"]
[Black "Serafimov, Dimitar"]
[Result "1/2-1/2"]
[WhiteElo "2410"]
[BlackElo "2210"]
[PlyCount "61"]
[EventDate "2009.??.??"]

1. Nf3 d5 2. d4 c6 3. c3 Bf5 4. Bf4 Nf6 5. e3 Qb6 6. Qb3 Nbd7 7. Nbd2 e6 8. Be2
Be7 9. O-O O-O 10. h3 Qxb3 11. Nxb3 b6 12. Nbd2 h6 13. b3 Ne4 14. Nxe4 Bxe4 15.
Ne5 Nxe5 16. Bxe5 Rfd8 17. Rfd1 Bd6 18. Bxd6 Rxd6 19. Bd3 Bxd3 20. Rxd3 a5 21.
a4 Rc8 22. Rc1 Rdd8 23. Rdd1 Kf8 24. Kf1 Ke7 25. Ke2 Kd6 26. Kd3 f5 27. f4 g6
28. g3 h5 29. h4 Rb8 30. Rb1 Rdc8 31. Rdc1 1/2-1/2